Carta con fecha 5 de junio de 1932, al Sr. Pbro. don Francisco Pineda

Síntesis: La carta trata sobre las condiciones sociales que deben de existir en una sociedad para que se llegue a la Lucha armada. En la carta se exponen 4 puntos esenciales para que se justifique una guerra.

Guardat en:
Dades bibliogràfiques
Autor principal: Ceniceros y Villarreal, Rafael (autor)
Format: Llibre
Matèries:
Etiquetes: Afegir etiqueta
Sense etiquetes, Sigues el primer a etiquetar aquest registre!

MARC

LEADER 00000nam^a2200000^a^4500
001 000250483
005 20250526000000.0
009 20260310105814.027
035 |a R01484 
037 |a Acervo Xavier Clavigero 
082 |a 21. 1  |b CEN V. LIBRO 9 92/152 
100 |a Ceniceros y Villarreal, Rafael  |e (autor) 
245 1 0 |a Carta con fecha 5 de junio de 1932, al Sr. Pbro. don Francisco Pineda 
264 |a México, D.F. :  |b Destinatario: Pineda, Francisco, Pbro.,  |c 1932 
300 |a 4 fojas, mcs/cop., 21.3 X 28 cms. 
336 |a texto  |b txt  |2 rdacontenido 
337 |a sin mediación  |b n  |2 rdamedio 
338 |a volumen  |b nc  |2 rdasoporte 
520 |a Síntesis: La carta trata sobre las condiciones sociales que deben de existir en una sociedad para que se llegue a la Lucha armada. En la carta se exponen 4 puntos esenciales para que se justifique una guerra. 
598 |a Carta 
598 |a En la biblioteca del ILFC, Guadalajara, Jal. 
598 |a Lugares que cita el documento: Zacatecas; España; Irlanda;Inglaterra; Alemania; Roma 
598 |a Fechas que cita el documento: 1870 
649 |a XX 
650 |a Ceniceros y Villarreal, Rafael 
910 |a Fondo Jesús Gómez Fregoso S.J. FXC 
920 |a Impresos - Documentos 
930 |a Libros Antiguos y Raros 
940 |a Guerra Cristera 
905 |a 110 
901 |a R01484  |b IT2  |c LRA  |i R01484  |u 20250526 
902 |a https://opac.biblio.iteso.mx/vufind/Record/000250483